Celebrity Overlap Pairs Quiz Stats

 Plays Quiz Updated Jul 24, 2012

Also try: Before and After
Challenge
Share
Tweet
Score 0/30 Timer 06:00
4 Plays Today
% Correct
Matt Damon
92%
Harrison Ford
91.8%
Steve Martin
90.1%
Cameron Diaz
88.1%
Chris Rock
86.2%
Julia Roberts
85.1%
Martin Sheen
83.3%
Orlando Bloom
80%
George Harrison
79.8%
Michael Jordan
79.2%
James Cameron
73.5%
Russell Brand
73%
Joan Rivers
67.1%
Danica Patrick
66.9%
Patrick Stewart
66.7%
% Correct
Damon Wayans
65.2%
Channing Tatum
64.2%
Arnold Schwarzenegger
63.9%
Tom Arnold
63.5%
Rock Hudson
61.7%
Bob Dylan
59.4%
Tony Orlando
41.9%
Elizabeth Banks
38.3%
Dylan McDermott
38%
Raul Julia
37.3%
Stockard Channing
35.5%
Shannon Elizabeth
34.4%
Jane Russell
28.9%
Jordan Knight
26.4%
Rivers Cuomo
22.8%

You're not logged in!

Compare scores with friends on all Sporcle quizzes.
Join for Free
OR
Log In

You Might Also Like...

Show Comments

Extras

Top Quizzes Today


Score Distribution

Your Account Isn't Verified!

In order to create a playlist on Sporcle, you need to verify the email address you used during registration. Go to your Sporcle Settings to finish the process.

Report this User

Report this user for behavior that violates our Community Guidelines.

Details: